Scientology 8-80 : (Record no. 7132)

MARC details
000 -LEADER
fixed length control field 01613cam a2200337 a 4500
001 - CONTROL NUMBER
control field 15206481
003 - CONTROL NUMBER IDENTIFIER
control field OSt
005 - DATE AND TIME OF LATEST TRANSACTION
control field 20240926111735.0
008 - FIXED-LENGTH DATA ELEMENTS--GENERAL INFORMATION
fixed length control field 080305s2007 caua 001 0 eng d
010 ## - LIBRARY OF CONGRESS CONTROL NUMBER
LC control number 2008297415
020 ## - INTERNATIONAL STANDARD BOOK NUMBER
International Standard Book Number 9781403144157
020 ## - INTERNATIONAL STANDARD BOOK NUMBER
International Standard Book Number 140314415X
035 ## - SYSTEM CONTROL NUMBER
System control number (OCoLC)ocn187032880
040 ## - CATALOGING SOURCE
Original cataloging agency CLZ
Transcribing agency DDC
Modifying agency DPL
-- YBM
-- DLC
042 ## - AUTHENTICATION CODE
Authentication code lccopycat
050 00 - LIBRARY OF CONGRESS CALL NUMBER
Classification number BP605.S2
Item number H8353 2007
082 04 - DEWEY DECIMAL CLASSIFICATION NUMBER
Classification number 299.936 HUB 2007
100 1# - MAIN ENTRY--PERSONAL NAME
Personal name Edited by Hubbard, L. Ron
9 (RLIN) 13943
245 10 - TITLE STATEMENT
Title Scientology 8-80 :
Remainder of title the discovery and increase of life energy in the genus Homo sapiens
246 3# - VARYING FORM OF TITLE
Title proper/short title Scientology eight-eighty
250 ## - EDITION STATEMENT
Edition statement [New ed.].
260 ## - PUBLICATION, DISTRIBUTION, ETC. (IMPRINT)
Place of publication, distribution, etc. Los Angeles, Calif. :
Name of publisher, distributor, etc. Bridge Publications, Inc.,
Date of publication, distribution, etc. 2007
300 ## - PHYSICAL DESCRIPTION
Extent 199 p. :
Other physical details ill. ;
Dimensions 25 cm.
500 ## - GENERAL NOTE
General note "A Hubbard publication".
504 ## - BIBLIOGRAPHY, ETC. NOTE
Bibliography, etc Includes; index
505 0# - FORMATTED CONTENTS NOTE
Formatted contents note 1: July 1952 -- The auditor's code -- Life as a mirror -- Facsimiles -- Wavelengths -- Black and white -- Running black and white -- Black and white aesthetics -- Concept running -- Bodies -- Patterns of attention: wave flows -- An auditing formula -- 2: August 1952 -- The dichotomies -- Self-determinism--other-determinism -- Emotional concepts and brackets -- Preclears and bodies -- The sub-zero tone scale -- The manifestations of energy -- 3: September 1952 -- Phenomena of the Thetan -- Summary of technique 8-80: running the Thetan.
650 #0 - SUBJECT ADDED ENTRY--TOPICAL TERM
Topical term or geographic name as entry element Scientology.
9 (RLIN) 14686
906 ## - LOCAL DATA ELEMENT F, LDF (RLIN)
a 7
b cbc
c copycat
d 2
e ncip
f 20
g y-gencatlg
942 ## - ADDED ENTRY ELEMENTS (KOHA)
Source of classification or shelving scheme Dewey Decimal Classification
Koha item type Open Shelf
Holdings
Withdrawn status Lost status Source of classification or shelving scheme Damaged status Not for loan Home library Current library Date acquired Source of acquisition Inventory number Total Checkouts Full call number Barcode Date last seen Koha item type
    Dewey Decimal Classification     MUST Main Library MUST Main Library 06/09/2021 Purchase 08/29945   299.936 HUB 2007 2021-0856 06/09/2021 Open Shelf